• 首页
  • 本馆介绍
  • 公告通知
  • 最新文献
  • 馆藏检索
  • 电子资源
  • 读者导购
  • 参考咨询
  • 我的图书馆
  • 登录
  • 详细信息显示
  • 放入我的书架
  • 预约/预借图书
  • 作者相关作品
  • 分类相关作品
  • 丛书相关作品
  • 出版社相关作品

书目信息

  • 表格格式
  • 工作单格式
  • 卡片格式
题名:
农药环境污染调查与诊断技术
    
 
作者: 林玉锁 主编
分册:  
出版信息: 北京   化学工业出版社  2003
页数: 299页
开本: 20cm
丛书名:
单 册:
中图分类: X592.08 , X592.02
科图分类:
主题词: 农药污染--污染调查 , 农药污染--污染测定 , CT--S055616--农药污染 , CT--S079031--污染调查 , CT--S079029--污染测定
电子资源:
ISBN: 7-5025-4087-3
000 01002nam0 2200301 450
001 002216024
005 20070805151509.79
010    @a7-5025-4087-3@dCNY28.00
035    @a002216024
100    @a20021224e20042003em y0chiy0110 ea
101 0  @achi
102    @aCN@b110000
105    @ay zn 000yy
106    @ar
200 1  @a农药环境污染调查与诊断技术@Anong yao huan jing wu ran diao cha yu zhen duan ji shu@f林玉锁主编@Flin yu suo zhu bian
210    @a北京@c化学工业出版社@d2003@h2004重印
215    @a299页@d20cm
330    @a本书系统介绍了农药环境污染事故调查诊断程序与方法,列举了几起有代表性的农药环境污染调查与事故诊断的实例,介绍了有关法律、法规和技术资料。
606 0  @a农药污染@x污染调查
606 0  @a农药污染@x污染测定
606 0  @2CT@3S055616@a农药污染
606 0  @2CT@3S079031@a污染调查
606 0  @2CT@3S079029@a污染测定
690    @aX592.08@v4
690    @aX592.02@v4
701  0 @a林玉锁@Alin yu suo@4主编
801  0 @aCN@bNLC@c20070805
905    @dX592.08@e86@f4
    
    农药环境污染调查与诊断技术/林玉锁主编.-北京:化学工业出版社,2003(2004重印)
    299页;20cm
    
    
    ISBN 7-5025-4087-3:CNY28.00
    本书系统介绍了农药环境污染事故调查诊断程序与方法,列举了几起有代表性的农药环境污染调查与事故诊断的实例,介绍了有关法律、法规和技术资料。
●
相关链接 在E读中查询图书 在五车中查询图书 在当当中查询图书 在豆瓣中查询图书


正题名:农药环境污染调查与诊断技术     索取号:X592.08/86         预约/预借

序号 登录号 条形码 馆藏地/架位号 状态 备注
1 0851039   208510397   第二样本阅览室/ [索取号:X592.08/86] 在馆    
2 0851040   208510404   第三借阅区/ [索取号:X592.08/86] 在馆    
3 0851041   208510413   第三借阅区/ [索取号:X592.08/86] 在馆    
4 0851042   208510422   第三借阅区/ [索取号:X592.08/86] 在馆    
唐山师范学院图书馆 欢迎您!
大连网信软件有限公司© 版权所有